LEADER 00841nam a2200217 i 4500 001 000000039931 003 CaOOAMICUS 005 20121002000000.0 008 121002s1976 it u000 u ita u 013 $a11087 040 $aSeMil$bita 100 1 $aBonfanti, Aloisio.$0(OLS)http://semarc/name/19429 245 10$aTerre della detta Valsassina /$cAloisio Bonfanti. 260 $aBarzio :$bAzienda di soggiorno e turismo,$c1976. 300 $a93 p., [24] p. di tav. ;$c25 cm. 650 4$aValsassina.$0(OLS)http://semarc/subject/4355 850 $aSeMil 852 $aSeMil$W1$xVenegono$y1$m3P V 187$j6086$B6086$CSeMilBibl$Z2$F6086 $81 961 $aOmaggio: Deposito 996 $6245$aTerre della detta Valsassina$9(OLS)http://semarc/title/57148 996 $6260$aBarzio :$bAzienda di soggiorno e turismo$9(OLS)http://semarc/publisher/40090 LEADER 01216nam a2200313 i 4500 001 000000121648 003 CaOOAMICUS 005 20070219000000.0 008 070219s1991 it u000 u ita u 013 $a94343 020 $a88-18-01080-8 040 $aSeMil$bita 100 1 $aSzlezák, Thomas A. <1940->.$0(OLS)http://semarc/name/45978 245 10$aCome leggere Platone /$cThomas A. Szlezák ; Presentazione di Giovanni Reale. 250 $a2. ed. 260 $aMilano :$bRusconi,$c1991. 300 $a182 p. ;$c22 cm. 490 0 $aProblemi attuali 500 $aDalla biblioteca del card. Giovanni Colombo. 600 04$aPlatone .$0(OLS)http://semarc/subject/988 700 1 $aReale, Giovanni,$d<1931-2014>.$0(OLS)http://semarc/name/74 830 0$aProblemi attuali.$0(OLS)http://semarc/title/7307 850 $aSeMil 852 $aSeMil$W1$xVenegono$y1$m1G IV 33$j238714$B76709$CSeMilBibl$Z2$F78437 $81 941 1 $a3 961 $aLascito: Colombo Card. Giovanni 996 $6020$a88-18-01080-8$9(OLS)http://semarc/number/107184 996 $6245$aCome leggere Platone$9(OLS)http://semarc/title/179119 996 $6260$aMilano :$bRusconi$9(OLS)http://semarc/publisher/30258